Historia de las ideas políticas / Raymond G. Gettel ; traducción y notas de Teodoro González García
Descripción Física:
2 v. ; 19 cm
Otros Autores:
González García, Teodoro
Materias:
Ciencies polítiques
MARC
| LEADER | 00000nam a2200000Ia 4500 | ||
|---|---|---|---|
| 001 | 1018, 1019 | ||
| 008 | 160829s1930 xx 000 0 cat d | ||
| 080 | |a M-2-334, M-2-335 | ||
| 100 | |a Gettel, Raymond G. |9 24853 | ||
| 245 | |a Historia de las ideas políticas / Raymond G. Gettel ; traducción y notas de Teodoro González García | ||
| 260 | |a Barcelona : |b Labor, |c 1930 | ||
| 300 | |a 2 v. ; |c 19 cm | ||
| 490 | |a Colección Labor. Biblioteca de iniciación cultural. Sección IX, política ; 235, 238 | ||
| 650 | |a Ciencies polítiques |9 24854 | ||
| 700 | |a González García, Teodoro |9 24855 | ||
| 901 | |a Arxiu | ||
| 942 | |n 1 | ||
| 952 | |0 0 |1 0 |4 0 |6 M2334_M2335 |7 1 |9 43344 |a Arxiu |b Arxiu |d 2016-12-01 |l 0 |o M-2-334, M-2-335 |p 1018, 1019 |r 2016-12-01 00:00:00 |w 2016-12-01 |y ARXIU | ||
| 999 | |c 45889 |d 45889 | ||